000 00717nam a2200229Ii 4500
003 JO-AjNU
008 230605s9999||||xx |||||||||||||| ||und||
017 _a2012/9/3262
020 _a978-9957-09-537-6
040 _aJO-AjNU
_bara
_erda
_cJO-AjNU
041 _aara
050 1 4 _aLA1471 2012
100 3 _aالفريجات، غالب,
_eauthor
_949898
245 0 0 _aإضاءات على النظام التربوي
250 _aط1
264 3 1 _aعمان: أزمنة للنشر والتوزيع، 2012
300 _a280ص
336 _atext
_btxt
_2rdacontent
337 _aunmediated
_bn
_2rdamedia
338 _avolume
_bnc
_2rdacarrier
650 4 _aالتربية - علم النفس التربوي
_949899
999 _aA21946
_c25514
_d25514